| 000 | 00631nam a22001937a 4500 | ||
|---|---|---|---|
| 003 | OSt | ||
| 005 | 20130610141348.0 | ||
| 008 | 130610s2005 sp ||||| |||| 00| 0 spa d | ||
| 020 | _a8481962295 | ||
| 040 | _cCDMR | ||
| 100 | 1 |
_93732 _aCasanova y Todolí, Ubaldo de |
|
| 245 | 1 | 0 |
_aApuntes para una reflexión sobre la profesión periodística y el oficio de escribir _cUbaldo de Casanova y Todolí |
| 260 |
_a[Salamanca] _bAmarú _c2005 |
||
| 300 | _a139 p. | ||
| 490 | 0 |
_aComunicación y Periodismo _v1 |
|
| 600 | 1 |
_93732 _aCasanova y Todolí, Ubaldo de _vRecull d'escrits |
|
| 650 | 0 | 4 |
_9983 _aÈtica periodística |
| 942 |
_2udc _cMON |
||
| 999 |
_c6434 _d6434 |
||